[Event "Le Mans op 22nd"]
[Site "Le Mans"]
[Date "2008.12.23"]
[Round "5"]
[White "Deschler, Fabrice"]
[Black "Chion, Alexandre"]
[Result "1-0"]
[WhiteElo "2113"]
[BlackElo "1923"]
[PlyCount "31"]
[EventDate "2008.12.23"]
[EventType "swiss"]
[EventRounds "9"]
[EventCountry "FRA"]
[SourceTitle "EXT 2015"]
[Source "ChessBase"]
[SourceDate "2014.11.20"]
[SourceVersion "1"]
[SourceVersionDate "2014.11.20"]
[SourceQuality "1"]

1. d4 d5 2. Nf3 Nf6 3. c4 c6 4. Qc2 a6 5. g3 dxc4 6. Qxc4 b5 7. Qc2 Bb7 8. Bg2 Nbd7 9. Nbd2 e6 10. Nb3 Qb6 11. Bd2 c5 12. dxc5 Nxc5 13. Be3 Rc8 14. Rc1 Nfd7 15. 0-0 Qa7 16. Na5 1-0